The Ogre and other stories of the Japanese salaryman
Đã lưu trong:
| 主要作者: | |
|---|---|
| 格式: | 圖書 |
| 語言: | Undetermined |
| 出版: |
Tokyo
Japan Times
1972
|
| 主題: | |
| 標簽: |
添加標簽
沒有標簽, 成為第一個標記此記錄!
|
| Thư viện lưu trữ: | Trung tâm Học liệu Trường Đại học Cần Thơ |
|---|
| LEADER | 00532nam a2200205Ia 4500 | ||
|---|---|---|---|
| 001 | CTU_97734 | ||
| 008 | 210402s9999 xx 000 0 und d | ||
| 082 | |a 895.6 | ||
| 082 | |b G331 | ||
| 100 | |a Genji, Keita | ||
| 245 | 4 | |a The Ogre and other stories of the Japanese salaryman | |
| 245 | 0 | |c Keita Genji | |
| 260 | |a Tokyo | ||
| 260 | |b Japan Times | ||
| 260 | |c 1972 | ||
| 650 | |a Social life and customs | ||
| 650 | |x Fiction | ||
| 650 | |z Japan | ||
| 904 | |i Giang | ||
| 980 | |a Trung tâm Học liệu Trường Đại học Cần Thơ | ||